Statistics for Books with Names in the Title Quiz #2

Click here to take the quiz!

General Stats

  • This quiz has been taken 47,879 times
    (35,574 since last reset)
  • The average score is 13 of 22

Answer Stats

AuthorBook% Correct
Charles Dickens{Oliver} Twist
97%
J.M. Barrie{Peter} Pan
97%
Truman CapoteBreakfast at {Tiffany}'s
93%
Mark TwainThe Adventures of {Tom} Sawyer
92%
Jonathan Swift{Gulliver}'s Travels
90%
Helen Fielding{Bridget} Jones's Diary
89%
Charlotte Bronte{Jane} Eyre
88%
Roald Dahl{James} and the Giant Peach
82%
Astrid Lindgren{Pippi} Longstocking
78%
Lucy Maud Montgomery{Anne} of Green Gables
77%
E. B. White{Stuart} Little
75%
Oscar WildeThe Picture of {Dorian} Gray
75%
William Styron{Sophie}'s Choice
64%
Thomas Hardy{Tess} of the d'Urbervilles
51%
Eoin Colfer {Artemis} Fowl
43%
Richard Blackmore{Lorna} Doone
30%
Thomas Hardy{Jude} the Obscure
27%
Edith Wharton{Ethan} Frome
22%
Kingsley AmisLucky {Jim}
21%
Esther Forbes{Johnny} Tremain
18%
Laurence Sterne{Tristram} Shandy
17%
Junot DiazThe Brief Wondrous Life of {Oscar} Wao
12%

Score Distribution

Percentile by Number Answered

Percent of People with Each Score

Your Score History

You have not taken this quiz since the last reset